| 000 | 00521nam a2200169Ia 4500 | ||
|---|---|---|---|
| 003 | 0 | ||
| 005 | 20250428102211.0 | ||
| 008 | 200922s9999 xx 000 0 und d | ||
| 020 | _a978-621-409-102-7 | ||
| 050 |
_aBF 697 _b.P156 2018 |
||
| 100 | _aPalean, Erland D. | ||
| 245 |
_cErland D. Palean, Mylah B.D. Nazario, Ivan Khalil l. Descartin, et.al. _aIntrospection: _bunderstanding the self/ |
||
| 260 |
_aManila: _bBooks Atbp. Publishing _c2018 |
||
| 300 |
_ax, 275 pages _c25 cm. |
||
| 650 | _aSelf | ||
| 942 |
_2lcc _cBK |
||
| 999 |
_c364411 _d364411 |
||